Hacia una gestión educativa para la transformación productiva con equidad
Uloženo v:
| Korporativní autor: | |
|---|---|
| Médium: | Kniha |
| Jazyk: | španělština |
| Vydáno: |
Santiago
OREALC
1992
|
| Témata: | |
| Tagy: |
Přidat tag
Žádné tagy, Buďte první, kdo vytvoří štítek k tomuto záznamu!
|
MARC
| LEADER | 00000nam a2200000 a 4500 | ||
|---|---|---|---|
| 001 | UCP2416 | ||
| 003 | CL-VaPUC | ||
| 005 | 20230325074255.0 | ||
| 008 | 990514e19920000cl 1 spa d | ||
| 082 | 0 | 4 | |a 371.2 |b UNE |2 21 |
| 110 | 2 | |a UNESCO |e author |9 619465 | |
| 245 | 1 | 0 | |a Hacia una gestión educativa para la transformación productiva con equidad |
| 260 | |a Santiago |b OREALC |c 1992 | ||
| 300 | |a 85 p | ||
| 583 | |a last modification |c 20170427 10:57:40 |k Rodrigo Vera | ||
| 650 | 0 | 0 | |a Administración de la enseñanza |9 261034 |
| 650 | 0 | 0 | |a Gestión educacional |9 261035 |
| 942 | |c BK | ||
| 945 | |a rbrito |d 19990514 00:00:00 | ||
| 546 | |a En Español | ||
| 536 | |a UNESCO | ||
| 536 | |a REPLAD | ||
| 518 | |p Reunión Técnica de REPLAD, 5, Santo Domingo, 11 al 15 de noviembre de 1991 | ||
| 999 | |c 383413 |d 383411 | ||
| 952 | |0 0 |1 0 |4 0 |6 371_200000000000000_UNE_1992 |7 0 |8 A |9 505520 |a BIBEDU |b BIBEDU |d 2020-01-23 |i 3517772 |o 371.2 UNE 1992 |p 3517772 |r 2020-01-23 |w 2020-01-23 |y BK |k BME | ||
| 952 | |0 0 |1 0 |4 0 |6 371_200000000000000_UNE_1992 |7 0 |8 A |9 505521 |a BIBEDU |b BIBEDU |d 2020-01-23 |i 4636856 |o 371.2 UNE 1992 |p 4636856 |r 2020-01-23 |w 2020-01-23 |y BK |k EPE | ||
| 952 | |0 0 |1 0 |4 0 |6 371_200000000000000_UNE_1992 |7 0 |8 A |9 505522 |a BIBEDU |b BIBEDU |d 2020-01-23 |i 4636864 |o 371.2 UNE 1992 |p 4636864 |r 2020-01-23 |w 2020-01-23 |y BK |k EPE | ||